00981 2200337 4500001002100000005001500021035002000036007000300056040001700059100003300076245007800109250001200187300004100199504002900240020002200269041000800291082001000299084001600309090002200325264005400347336002100401337003000422338002300452500002500475650001200500700003600512850001000548008004100558990002200599990002200621INLIS00000000000744920260602023952 a0010-0822000423ta aSBPUPADbind0 aAhmad J. RamadhanePengarang1 aAneka Manfaat Ampuh Rimpang Jahe :bUntuk Pengobatan /cAhmad J. Ramadhan a.-cet.1 aviii, 221 hlm :bilus. ;c15 x 15 cm abibliografi hlm. 215-220 a978-602-1612-03-307aind a641.2 a641.2 AHM a a641.2 AHM a L20-6 a.--Yogyakarta :bDiandra Pustaka Indonesia,c2013 2rdacontentateks 2rdamediaatanpa perantara 2rdacarrieravolume aTentang Penulis. 221 4aRimpang0 aEditor, Yusuf EfendiePengarang aPUPAD260602 0  a30.063/B/DPK/2018 a30.064/B/DPK/2018